| 000 | 01241nam a2200265 u 4500 | ||
|---|---|---|---|
| 003 | AM-YEHGA | ||
| 005 | 20250618080027.0 | ||
| 008 | 040518s2004 ai c|||gr|||||000|||arm|| | ||
| 020 | _a5808405459 | ||
| 040 | _aAM-YeHGA | ||
| 041 | 1 |
_aarm _hger |
|
| 100 | 1 | _aՀյուբշման, Հայնրիխ | |
| 245 | 1 | 0 |
_aՀայագիտական ուսումնասիրություններ / _cՀ. Հյուբշման ; Գերմ. թարգմ.՝ Մ.Ն. Հարությունյան ; Կազմ. և խմբ.՝ Ռ.Ս. Ղազարյան ; Երևանի Պետ. համալս. |
| 260 |
_aԵրևան : _bԵրևանի համալս. հրատ., _c2004. |
||
| 300 |
_a520 էջ + 1 թ. : _bդիմանկ. ; _c21 սմ. |
||
| 504 | _aՄատենագիտ.՝ տողատակի ծանոթագր.: Բառացանկ՝ էջ 480-518 | ||
| 650 | 1 | 4 |
_aՀայագիտություն _94600 |
| 700 | 1 |
_aՀարությունյան, Մ.Ն. _eթարգմ. _4trl |
|
| 700 | 1 |
_aՂազարյան, Ռուբեն Սերոբի, _d1940-2011 _eկազմ., խմբ. _4com _4edt _93703 |
|
| 710 | 2 | _aԵրևանի պետական համալսարան | |
| 856 | 4 | 1 |
_uhttp://haygirk.nla.am/upload/1941-/hyubshman_2004.pdf _yԿարդալ առցանց |
| 942 |
_2udc _cBK |
||
| 001 | 277671 | ||
| 090 | _c524542 | ||
| 999 |
_c520965 _d520965 |
||